000 00302nam a22001337a 4500
008 180103b xxu||||| |||| 00| 0 eng d
020 _a436085002
041 _aeng
080 _a321
100 _a19
101 _aSHP
245 _aMigrants, Sharecroppers, Moountainers
_cCooles, R
942 _2udc
_cBK
999 _c39627
_d39627